Digitálny marketing hotelov

Najnovšie trendy v marketingu hotelov. Webová stránka hotela. Sociálne médiá. Úspešná komunikácia hotela na sociálnej sieti. Účasť hotela na recenzných stránkach. Mobilný marketing a geomarketing. Pofesionálna e-mailová komunikácia.

Na minha lista:
Detalhes bibliográficos
Autor principal: Gajdošík, Tomáš
Formato: Capítulo de Livro
Idioma:eslovaco
Assuntos:
Tags: Adicionar Tag
Sem tags, seja o primeiro a adicionar uma tag!

MARC

LEADER 00000naa a2200000 4500
001 0236030
005 20170926134551.3
041 0 |a slo 
044 |a SK 
245 1 0 |a Digitálny marketing hotelov  |c Tomáš Gajdošík 
520 |a Najnovšie trendy v marketingu hotelov. Webová stránka hotela. Sociálne médiá. Úspešná komunikácia hotela na sociálnej sieti. Účasť hotela na recenzných stránkach. Mobilný marketing a geomarketing. Pofesionálna e-mailová komunikácia. 
610 2 0 |a marketing 
610 2 0 |a komunikácia marketingová 
610 2 0 |a marketing elektronický 
610 2 0 |a komunikácia elektronická 
610 2 0 |a siete sociálne 
610 2 0 |a stránky webové 
610 2 0 |a hotely 
610 2 0 |a hotelierstvo 
610 2 0 |a zákazníci 
100 1 |a Gajdošík, Tomáš